00249pam a2200109 a 4500020000500000041000500005082001500010100001900025245004100044260003800085300001600123 c h a743.6bHOD aPolly Pinder . aHow to Draw Dogs hTextual Documents a[s.l]:bSearch Press Link,c2014. a32:bpaper.